000
00281nam a22001217a 4500
020
_a
NA
082
_2
22
_a
338.5
100
_a
Koly michael l and rosen harvey S.
245
_a
Micro economics /
260
_a
IRWIN,
_b
IRWIN,
_c
c1994
300
_a
1506 p,;
_b
NA
_c
24cm.
942
_2
ddc
_c
EE
999
_c
2687
_d
2687